Premier League - All Time Appearances - Statistics

General Stats
  • This quiz has been taken 6 times
  • The average score is 32 of 100
Answer Stats
Hint Answer % Correct
658 James Milner
100%
653 Gareth Barry
83%
508 Jamie Carragher
83%
414 Andrew Cole
67%
385 Ashley Cole
67%
378 Joe Cole
67%
463 Jordan Henderson
67%
499 Paul Scholes
67%
632 Ryan Giggs
67%
377 Stephen Carr
67%
418 Teddy Sheringham
67%
441 Alan Shearer
50%
485 Ashley Young
50%
572 David James
50%
609 Frank Lampard
50%
535 Gary Speed
50%
492 John Terry
50%
351 Les Ferdinand
50%
378 Luke Young
50%
481 Michael Carrick
50%
411 Nicky Butt
50%
504 Rio Ferdinand
50%
349 Robbie Keane
50%
366 Roy Keane
50%
374 Séamus Coleman
50%
504 Steven Gerrard
50%
491 Wayne Rooney
50%
416 Aaron Lennon
33%
450 Brad Friedel
33%
392 Damien Duff
33%
341 Darren Fletcher
33%
344 David Seaman
33%
516 Emile Heskey
33%
361 Hugo Lloris
33%
340 James Tarkowski
33%
342 Jamie Vardy
33%
496 Jermain Defoe
33%
340 Joe Hart
33%
445 John O'Shea
33%
362 Jordan Pickford
33%
436 Jussi Jaaskelainen
33%
444 Kevin Davies
33%
401 Kevin Nolan
33%
446 Kyle Walker
33%
352 Leon Osman
33%
414 Mark Noble
33%
514 Mark Schwarzer
33%
364 Nicolas Anelka
33%
372 Nigel Martyn
33%
375 Paul Robinson
33%
468 Peter Crouch
33%
396 Raheem Sterling
33%
431 Richard Dunne
33%
379 Robbie Fowler
33%
346 Robbie Savage
33%
368 Scott Parker
33%
451 Shay Given
33%
503 Sol Campbell
33%
408 Stewart Downing
33%
339 Virgil Van Dijk
33%
455 Aaron Hughes
17%
390 Ben Foster
17%
349 César Azpilicueta
17%
350 Cesc Fabregas
17%
363 Chris Perry
17%
417 Danny Murphy
17%
415 David de Gea
17%
364 David Unsworth
17%
375 Dwight Yorke
17%
426 Gareth Southgate
17%
400 Gary Neville
17%
384 George Boateng
17%
422 James Ward-Prowse
17%
386 Jonny Evans
17%
376 Lukasz Fabianski
17%
343 Nick Barmby
17%
352 Nigel Winterburn
17%
443 Petr Cech
17%
376 Phil Jagielka
17%
505 Phil Neville
17%
379 Ray Parlour
17%
344 Shane Long
17%
336 Steed Malbranque
17%
351 Steve Watson
17%
469 Sylvain Distin
17%
397 Theo Walcott
17%
364 Thomas Sorensen
17%
399 Tim Howard
17%
400 Danny Welbeck
0%
394 Gary Cahill
0%
358 Glen Johnson
0%
335 Kenny Cunningham
0%
353 Kolo Toure
0%
397 Lee Bowyer
0%
420 Leighton Baines
0%
347 Paul Konchesky
0%
359 Rory Delap
0%
341 Tim Sherwood
0%
361 Trevor Sinclair
0%
355 Ugo Ehiogu
0%
No matching quizzes found
Score Distribution
Percent of People with Each Score
Percentile by Number Answered
Your Score History
You have not taken this quiz